000 00340nam a2200109Ia 4500
008 230822s1999 xx 000 0 und d
041 _aeng
100 _aB. C. L.
245 _aSTUDY IN BRITAIN, A GUIDE TO SCHOLARSHIP AND FELLOWSHIP 5TH EDITION
260 _bBRITISH COUNCIL DIVISION BRITISH HIGH COMMISSION NEW DELHI
_c1999
300 _a240
999 _c856263
_d856263